000 00440nam a2200181Ia 4500
001 23615
005 20260414150949.0
008 260414t2016||||xx |||||||||||||| ||spa||
041 _aESP
082 _a670.42
_bR84
100 _aRosanes Soto, Jesús
_eAUT
245 0 _a5 Proyectos de organización industrial
_b
260 _c2016
300 _a725 páginas :
_c24 cm.
650 _aTCA
654 _aCII
942 _cLIB
_dJUS
_fJUS
_2ddc
_n
999 _c23615
_d23615